Miasto na prawach powiatu po najdłuższej rzece - Statystyki

Ogólne statystyki
  • Ten quiz został rozwiązany 23 razy
  • Średni wynik to 16 z 41
Statystyki odpowiedzi
Rzeka Miasto % Poprawnych
Wisła Bydgoszcz | Gdańsk | Grudziądz | Kraków | Płock | Tarnobrzeg | Toruń | Warszawa | Włocławek
90%
Warta Częstochowa | Gorzów Wielkopolski | Konin | Poznań
90%
Elbląg Elbląg
90%
Odra Opole | Szczecin | Wrocław
90%
Biała (woj. podlaskie) Białystok
85%
Bytomka Bytom
80%
Skierniewka Skierniewice
80%
Narew Łomża | Ostrołęka
75%
Dunajec Nowy Sącz | Tarnów
75%
San Przemyśl
75%
Biała (woj. śląskie) Bielsko-Biała
70%
Wisłok Krosno | Rzeszów
70%
Świna Świnoujście
65%
Słupia Słupsk
60%
Prosna Kalisz
50%
Łyna Olsztyn
45%
Bóbr Jelenia Góra
40%
Czarna Hańcza Suwałki
40%
Biała Przemsza Dąbrowa Górnicza | Jaworzno | Mysłowice | Sosnowiec
35%
Kaczawa Legnica
35%
Ner Łódź
35%
Bystrzyca Lublin
35%
Kłodnica Gliwice | Katowice | Ruda Śląska | Zabrze
30%
Silnica Kielce
20%
Krzna Biała Podlaska
15%
Uherka Chełm
15%
Dzierżęcinka Koszalin
15%
Mleczna Radom
15%
Łabuńka Zamość
15%
Rawa Chorzów | Świętochłowice
10%
Pszczynka Jastrzębie-Zdrój
10%
Strzyżewicki Rów Leszno
10%
Brynica Piekary Śląskie | Siemianowice Śląskie
10%
Strawa Piotrków Trybunalski
10%
Potok Karlikowski Sopot
10%
Gostynia Tychy
10%
Pełcznica Wałbrzych
10%
Gęśnik Zielona Góra
10%
Kacza Gdynia
5%
Ruda Rybnik | Żory
5%
Muchawka Siedlce
5%
Nie znaleziono quizów pasujących do podanych kryteriów
Rozkład punktacji
Procent ludzi z każdym wynikiem
Percentyl według liczby udzielonych odpowiedzi
Twoja historia wyników
Nie rozwiązałeś tego quizu